000 01617cam a22004454i 4500
003 PE-LiUPU
005 20250731172921.0
008 150623s r 000 0 d
020 _a0828001340
035 _a(Sirsi) i9780828001342
040 _aPE-LiUPU
_bspa
_cPE-LiUPU
_erda
049 _aPRUA
082 0 4 _a232.963
_bH23
_221
100 1 _aHaskell, Stephen N.,
_eautor.
245 1 4 _aThe cross and its shadow /
_cpor Stephen N. Haskell.
264 1 _aSouth Lancaster, Mass. :
_bThe Bible training school,
_c1914.
300 _a388 páginas :
_bilustraciones dibs. ;
_c21 centímetros
336 _atext
_2rdacontent
337 _aunmediated
_2rdamedia
338 _avolume
_2rdacarrier
505 0 _aThe sanctuary. -Furniture of the sanctuary. -The priesthood. -Springtime annual feasts. -Various offerings. -Servicesof the sanctuary. -The autumnal annual feasts. -Levitical laws and ceremonies. -The tribes of israel.
526 _aSEG42
526 _aSEG41
526 _aSEG40
526 _aSEG39
526 _aP94
526 _aP87
526 _aP86
526 _aP85
526 _aP77
526 _aP76
526 _aP35
650 0 4 _aTipología (Teología).
942 _2ddc
_cBOOK
949 _a232.963 H23
_wDEWEY
_c1
_i43748
_lCCODEBUL1
_mBUL
_r0
_sY
_tBOOK
_u2015-6-24
_xTEOLOGIA
_PP35
_0COMPRA
_o.STAFF. Colección General
994 _aC0
_bPEPRU
596 _a1
999 _a232.963 H23
_wDEWEY
_c20149
_i43748
_f2021-11-10
_g5
_lCCODEBUL1
_mBUL
_r0
_sY
_tBOOK
_u2015-6-24
_xTEOLOGIA
_PP35
_0COMPRA
_o.STAFF. Colección General
_d20149
980 _81
_gALBERTO SANCHEZ Responsable de Automatización